Állandó kiállítási csarnok Szegeden
Elmentve itt :
| Dokumentumtípus: | Cikk |
|---|---|
| Megjelent: |
1914-05-31
|
| Sorozat: | Délmagyarország
3 No. 126 |
| Kulcsszavak: | Kiállítási csarnok Szeged 1914 |
| Online Access: | http://dmarchiv.bibl.u-szeged.hu/43082 |
| LEADER | 00428nab a2200145 i 4500 | ||
|---|---|---|---|
| 001 | delm43082 | ||
| 005 | 20180927130111.0 | ||
| 008 | 180927s1914 hu o 0|| hun d | ||
| 040 | |a SZTE Délmagyarország Archívum |b hun | ||
| 041 | |a hun | ||
| 245 | 0 | 0 | |a Állandó kiállítási csarnok Szegeden |h [elektronikus dokumentum] |
| 260 | |c 1914-05-31 | ||
| 300 | |a 7 | ||
| 490 | 0 | |a Délmagyarország |v 3 No. 126 | |
| 695 | |a Kiállítási csarnok Szeged 1914 | ||